| 000 | 00444nam a2200169Ia 4500 | ||
|---|---|---|---|
| 003 | LK-CoDNM | ||
| 005 | 20240729131949.0 | ||
| 008 | 010623t1921 xxu||||| |||| 00| 1 eng d | ||
| 040 |
_aLK-CoDNM _dLK-CoDNM _eLK-CoDNM |
||
| 041 | _aeng | ||
| 080 |
_a14 _bU7 |
||
| 100 | _aBinyon,Laurence. | ||
| 245 | _aThe Court Painters of the Grand Moguls | ||
| 260 |
_bOxford University Press _aLondon _c1921 |
||
| 300 | _b86p. : ill ; 25 cm | ||
| 942 | _cBK | ||
| 999 |
_c90535 _d90535 |
||